00504nam a2200193Ia 4500008004100000041001200041082001200053100006300065245002800128260002800156300000800184365000800192520001400200546001200214630002800226650001400254655001400268730002800282101110s9999 xx 000 0 und d aENGLISH bSR33658 aBhattachrya Rao, Sharma, Yadav B.S., Patil S.K. and others aOrganic chemistry SYBSc c2009bSheth pub, Mumbai a299 b110 aChemistry aENGLISH aOrganic chemistry SYBSc aChemistry aChemistry aOrganic chemistry SYBSc